Bill Belichick Coaching Tree - Statistics

General Stats
  • This quiz has been taken 35 times
  • The average score is 6 of 9
Answer Stats
Teams Coached Years Active Coach % Correct
HOU 2014-2020 Bill O'Brien
92%
DET 2018-2020 Matt Patricia
92%
DEN 2009-2010 Josh McDaniels
85%
MIA 2019- Brian Flores
81%
MIA 2005-2006 Nick Saban
73%
NYG 2020- Joe Judge
69%
CLE, KAN, HOU 2005- Romeo Crennel
69%
NYJ, CLE 2006-2010 Eric Mangini
54%
NYJ 2000 Al Groh
27%
No matching quizzes found
Score Distribution
Percent of People with Each Score
Percentile by Number Answered
Your Score History
You have not taken this quiz